LIBRARY & INFORMATION CENTRE, KCAET, TAVANUR

ONLINE PUBLIC ACCESS CATALOGUE (OPAC)

Hand book on mushrooms / (Record no. 5414)

MARC details
000 -LEADER
fixed length control field 00476cam a2200193ua 4500
041 ## - LANGUAGE CODE
Language code of text/sound track or separate title eng
082 ## - DEWEY DECIMAL CLASSIFICATION NUMBER
Classification number 028.71589
Item number NIT/HA
100 ## - MAIN ENTRY--AUTHOR NAME
Personal name Nita bhal, .
245 ## - TITLE STATEMENT
Title Hand book on mushrooms /
250 ## - EDITION STATEMENT
Edition statement 1 /
260 ## - PUBLICATION, DISTRIBUTION, ETC. (IMPRINT)
Place of publication New Delhi :
Name of publisher Oxford & IBH Publishing company ,
Year of publication 1984.
300 ## - PHYSICAL DESCRIPTION
Number of Pages 124 ; .
942 ## - ADDED ENTRY ELEMENTS (KOHA)
Koha item type Books
Holdings
Withdrawn status Lost status Damaged status Home library Current library Date acquired Full call number Accession Number Koha item type
      KAUAET KAUAET 01/09/1986 028.71589 15535 Books
      KAUAET KAUAET 07/04/2012 028.71589 19690 Reference
free website counter